|
|
|
|
| LEADER |
00704nab a2200181 i 4500 |
| 001 |
misc11792 |
| 005 |
20191106141702.0 |
| 008 |
170607s1961 hu o 0|| hun d |
| 022 |
|
|
|a 0025-0260
|
| 040 |
|
|
|a SZTE Miscellanea Repozitórium
|b hun
|
| 041 |
|
|
|a hun
|
| 100 |
1 |
|
|a Lénárd Ferenc
|
| 245 |
1 |
2 |
|a A túlterhelés néhány pszichológiai vonatkozása
|h [elektronikus dokumentum] /
|c Lénárd Ferenc
|
| 260 |
|
|
|c 1961
|
| 300 |
|
|
|a 57-62
|
| 490 |
0 |
|
|a Magyar pedagógia : a Magyar Tudományos Akadémia Pedagógiai Bizottságának folyóirata
|v 61 No. 1
|
| 695 |
|
|
|a Iskolai túlterhelés vizsgálat, Túlterhelés
|
| 856 |
4 |
0 |
|u http://misc.bibl.u-szeged.hu/11792/1/mp_1961_001_4358_057-062.pdf
|z Dokumentum-elérés
|